000 00660nam a2200265Ia 4500
005 20260121172910.0
008 008 260114s9999 xx 000 0 eng d
020 _a9783030921248
037 _aEBOOK
040 _aCRL
040 _beng
040 _cCRL
041 _2eng
041 _aeng
084 _qCRL
100 _aRadu Calinescu, Corina S. P?s?reanu
_91094116
245 0 _aSoftware Engineering and Formal Methods
260 _bSpringer
260 _bSpringer
260 _c2021
856 _uhttps://link.springer.com/openurl?genre=book&isbn=978-3-030-92124-8
942 _cEBOOK
999 _c1659858
_d1659858